[Event "9.Offene Senioren SH 2015"]
[Site "Buesum"]
[Date "2015.10.04"]
[Round "6.1"]
[White "Werner, Clemens"]
[Black "Schumacher, Gottfried"]
[Result "1-0"]
[BlackElo "2246"]
[BlackTeam "HTC Bad Neuenahr"]
[WhiteElo "2330"]
[WhiteTeam "Karlsruher SF"]

1. e4 c5 2. Nf3 e6 3. c3 Nf6 4. e5 Nd5 5. Bc4 b6 6. Bxd5 exd5 7. d4 d6 8. O-O
Be7 9. Bf4 O-O 10. Nbd2 Nc6 11. exd6 Bxd6 12. Bxd6 Qxd6 13. dxc5 Qxc5 14. Nb3
Qd6 15. Qd3 Re8 16. Rfe1 Ne5 17. Nxe5 Rxe5 18. Qg3 f6 19. Nd4 Bd7 20. Re3 Qe7
21. Rae1 Re8 22. Nf3 Re4 23. Qc7 Bc8 24. Qf4 Qe6 25. Nd4 Qe7 26. h3 Bd7 27. Rxe4
dxe4 28. f3 Qf7 29. Rxe4 Qxa2 30. Rxe8+ Bxe8 31. Qb8 Kf7 32. Qc7+ Kg6 33. Qe7
Qf7 34. Qe4+ f5 35. Nxf5 Qxf5 36. Qxe8+ Kh6 37. Qe3+ Kg6 38. Qe4 Kf6 39. Qxf5+
Kxf5 40. Kf2 Ke5 41. Ke3  1-0

[Event "9.Offene Senioren SH 2015"]
[Site "Buesum"]
[Date "2015.10.04"]
[Round "6.2"]
[White "Bartsch, Berthold"]
[Black "Szenetra, Werner"]
[Result "1-0"]
[BlackElo "2200"]
[BlackTeam "SV Berenbostel"]
[WhiteElo "2323"]
[WhiteTeam "SC Forchheim"]

1. Nc3 g6 2. e4 Bg7 3. g3 c5 4. Bg2 Nc6 5. d3 d6 6. Be3 Rb8 7. Qd2 b5 8. f4 Bd7
9. Nf3 b4 10. Nd1 Qc7 11. O-O Nf6 12. h3 c4 13. g4 h6 14. Nf2 Na5 15. b3 cxd3
16. cxd3 e5 17. Rac1 Nc6 18. fxe5 dxe5 19. d4 Qd6 20. d5 Nd4 21. Nxd4 exd4 22.
Bf4 Qb6 23. Bxb8 Qxb8 24. e5 Nh7 25. Qxd4 O-O 26. Rfe1 Re8 27. d6 Ng5 28. Nd3 a5
29. Qc5 Bb5 30. Nf4  1-0

[Event "9.Offene Senioren SH 2015"]
[Site "Buesum"]
[Date "2015.10.04"]
[Round "6.3"]
[White "Ackermann, Hans Werner"]
[Black "Hess, Christian"]
[Result "1-0"]
[BlackElo "2203"]
[BlackTeam "FC St. Pauli"]
[WhiteElo "2333"]
[WhiteTeam "SSC Rostock"]

1. Nf3 Nf6 2. b3 g6 3. Bb2 Bg7 4. e3 O-O 5. Be2 d6 6. d4 Nbd7 7. c4 e5 8. Nc3
Re8 9. dxe5 dxe5 10. Qc2 Nc5 11. Rd1 Qe7 12. Qc1 e4 13. Nd4 Bg4 14. Ba3 Bxe2 15.
Ndxe2 Bf8 16. O-O Qe5 17. Bxc5 Bxc5 18. Ng3 h5 19. h4 c6 20. Nge2 Ng4 21. Nf4
Rad8 22. g3 Qf5 23. Rxd8 Rxd8 24. Rd1 Rxd1+ 25. Qxd1 Nxe3 26. fxe3 Bxe3+ 27. Kg2
Bxf4 28. gxf4 Qxf4 29. Qe2 f5 30. Qf2 Qc1 31. Qd4 Kf7 32. Qd7+ Kf6 33. Qd8+ Ke6
34. Qg8+ Kf6 35. Qf8+ Ke6 36. Qc8+ Kf6 37. Qd8+ Ke6 38. Qg8+ Kf6 39. Qh8+ Kf7
40. Qd4 Qe1 41. Qd7+ Kf6 42. Qd6+ Kf7 43. Qg3 Qd2+ 44. Kf1 Qc1+ 45. Qe1 Qf4+ 46.
Ke2 g5 47. hxg5 Qxg5 48. Qf2 Qg4+ 49. Kd2 Qg5+ 50. Kc2 e3 51. Qh2 f4 52. Kd3
Qf5+ 53. Ne4 Ke6 54. Qg1 Qg4 55. Qa1 Qg6 56. Qd4 Kf5 57. Qd7+ Qe6 58. Qh7+ Kg4
59. Ke2 Qf5 60. Qg7+ Kh4 61. Qg2 Qe5  1-0

[Event "9.Offene Senioren SH 2015"]
[Site "Buesum"]
[Date "2015.10.04"]
[Round "6.4"]
[White "Ljubarskij, Juri"]
[Black "Baum, Bernd, Dr."]
[Result "1/2-1/2"]
[BlackElo "2264"]
[BlackTeam "SV Empor Erfurt"]
[WhiteElo "2226"]
[WhiteTeam "Hannover 96"]

1. e4 c5 2. Nf3 g6 3. d4 cxd4 4. Nxd4 Bg7 5. c4 Nc6 6. Be3 Nf6 7. Nc3 O-O 8. Be2
d6 9. h3 Bd7 10. O-O Nxd4 11. Bxd4 Bc6 12. Qd3 Nd7 13. Bxg7 Kxg7 14. b4 b6 15.
Rfd1 Rc8 16. Rac1 Qc7 17. f4 Kg8 18. Bg4 h5 19. Be2 a5 20. a3 axb4 21. axb4 Ra8
22. Qg3 Nf6 23. Nd5 Bxd5 24. cxd5 Qb7 25. e5 dxe5 26. fxe5 Nxd5 27. e6 Nf6 28.
exf7+ Kxf7 29. Rc7 Qe4 30. Qb3+ Kg7 31. Bf3 Qe5 32. Rc6 Ra1 33. Re6 Rxd1+ 34.
Bxd1 Qd4+ 35. Kh1 Ne4 36. Bf3 Nf2+ 37. Kh2 Qf4+ 38. Kg1 Nxh3+ 39. Kf1 Ng5 40.
Rxe7+ Kh6 41. Re3 Qg3 42. Qc3 Nxf3 43. Rxf3 Rxf3+ 44. gxf3 Qd6 45. Kg2 h4 46.
Qe3+ g5 47. b5 Qg3+ 48. Kh1 Qh3+ 49. Kg1 Qg3+ 50. Kh1 Qd6 51. Kg2 Qf6 52. Qe4
Kg7 53. Qb7+ Kf8 54. Qc8+ Kf7 55. Qd7+ Qe7 56. Qf5+ Kg7 57. Kh3 Qf6 58. Qd7+ 
1/2-1/2

[Event "9.Offene Senioren SH 2015"]
[Site "Buesum"]
[Date "2015.10.04"]
[Round "6.5"]
[White "Limberg, Siegfried"]
[Black "Kierzek, Matthias, Dr."]
[Result "1/2-1/2"]
[BlackElo "2226"]
[BlackTeam "SC Fulda"]
[WhiteElo "2037"]
[WhiteTeam "SF Taunus"]

1. d4 d5 2. Nf3 c5 3. e3 Nf6 4. c3 Nc6 5. Nbd2 e6 6. Bd3 Bd6 7. O-O O-O 8. dxc5
Bxc5 9. e4 Qc7 10. exd5 Nxd5 11. Ne4 Be7 12. Re1 h6 13. a3 f5 14. Ng3 Kh8 15.
Bb1 Qd6 16. Qc2 e5 17. b4 e4 18. Nd2 Qg6 19. Nc4 Bf6 20. Bd2 b5 21. Nb2 Ne5 22.
a4 f4 23. Qxe4 fxg3 24. Qxd5 gxf2+ 25. Kxf2 Bf5 26. Bxf5 Qxf5+ 27. Kg1 Rad8 28.
Qc5 Be7 29. Qe3 Bg5 30. Qg3 Rxd2 31. Rxe5 Qc2 32. Rxg5 hxg5 33. Qxg5 Qxb2 34.
Re1 Qc2 35. h4 Rd1 36. Qh5+ Kg8 37. Rxd1 Qxc3 38. Qd5+ Kh8 39. Qxb5 Qe3+ 40. Kh1
Qg3 41. Qg5 Qc3 42. Qe7 Rb8 43. b5 Qc2 44. Rd4 Qf2 45. Qe5 Rc8 46. Kh2 Rf8 47.
Rg4 Rf7 48. h5 Kh7 49. Qg5 Qb6 50. a5 Qxa5 51. Qg6+ Kg8 52. h6 Qc7+ 53. Rg3 Qc4
54. Qg5 Qd4 55. hxg7 Qd6 56. Qg6 Qxg6 57. Rxg6 Rf5 58. Ra6 Rf7 59. b6 axb6 60.
Rxb6 Kxg7 61. Kg3 Ra7 62. Kh4 Rc7 63. g4 Ra7 64. g5 Rc7 65. Kh5 Ra7  1/2-1/2

[Event "9.Offene Senioren SH 2015"]
[Site "Buesum"]
[Date "2015.10.04"]
[Round "6.6"]
[White "Rueberg, Jobst"]
[Black "Hassenrueck, Helmut"]
[Result "0-1"]
[BlackElo "2240"]
[BlackTeam "SG-Gladbeck"]
[WhiteElo "2143"]
[WhiteTeam "SV Ahlen"]

1. e4 e5 2. Nf3 Nc6 3. Bc4 Bc5 4. O-O Nf6 5. d4 Bxd4 6. Nxd4 Nxd4 7. f4 d6 8.
fxe5 dxe5 9. Bg5 Qe7 10. Na3 Bd7 11. Qe1 O-O-O 12. Qf2 Kb8 13. Bxf6 gxf6 14.
Qxf6 Qc5 15. Qf2 Be6 16. Bb3 Rhg8 17. Kh1 Qc6 18. Rae1 Rg4 19. Bxe6 Nxe6 20.
Qxf7 a6 21. Qf6 Rd2 22. Rf2 Rxe4 23. Rg1 Rxf2 24. Qxf2 Nf4 25. Rd1 b6 26. Qf3
Kb7 27. Kg1 Ne2+ 28. Kh1 Nd4 29. Qc3 Qh6 30. Qg3 Re3 31. Qg8 Qh4 32. Qd5+ Ka7
33. g3 Qg4 34. Rg1 Re2 35. Nc4 Nf3  0-1

[Event "9.Offene Senioren SH 2015"]
[Site "Buesum"]
[Date "2015.10.04"]
[Round "6.7"]
[White "Lutz, Albert"]
[Black "Kracht, Helmut"]
[Result "1-0"]
[BlackElo "2039"]
[BlackTeam "SK Kaltenkirchen"]
[WhiteElo "2204"]
[WhiteTeam "SK Krumbach"]

1. Nf3 Nf6 2. c4 e6 3. Nc3 b6 4. d4 Bb4 5. Bg5 Bb7 6. e3 O-O 7. Bd3 d5 8. cxd5
exd5 9. O-O Bxc3 10. bxc3 Nbd7 11. Ne5 h6 12. Bh4 Qe8 13. Nxd7 Nxd7 14. Qf3 Qe6
15. Bf5 Qc6 16. Rfc1 b5 17. a4 a6 18. axb5 axb5 19. Rab1 Nb6 20. Bd3 Nc4 21. Qf5
g6 22. Qf4 Kg7 23. Bg3 Rfc8 24. h4 Qd7 25. h5 Ra6 26. hxg6 fxg6 27. Bxc4 dxc4
28. Qe5+ Kh7 29. Qxb5 Qxb5 30. Rxb5 Be4 31. Rc5 Bd3 32. Rxc7+ Rxc7 33. Bxc7 Kg7
34. f3 Kf6 35. e4 Ra7 36. Bf4 g5 37. Be3 Ra2 38. d5 Ke5 39. Bb6 Kd6 40. Re1 Ra6
41. Bd4 Ra8 42. Kf2 Ra2+ 43. Kg3 h5 44. Rh1 h4+ 45. Kh3 g4+ 46. Kxg4 Rxg2+ 47.
Kf4 Rg8 48. Rxh4 Rg6 49. Rh8  1-0

[Event "9.Offene Senioren SH 2015"]
[Site "Buesum"]
[Date "2015.10.04"]
[Round "6.8"]
[White "Rychlik, Kurt"]
[Black "Weidlich, Guenter"]
[Result "1/2-1/2"]
[BlackElo "2197"]
[BlackTeam "SV Dresden-Leuben"]
[WhiteElo "2060"]
[WhiteTeam "SV Berenbostel"]

1. Nf3 Nf6 2. g3 d5 3. Bg2 c6 4. d3 h6 5. Nbd2 Bf5 6. O-O e6 7. Qe1 Be7 8. e4
Bh7 9. Ne5 O-O 10. Kh1 Nbd7 11. Nxd7 Nxd7 12. f4 dxe4 13. dxe4  1/2-1/2

[Event "9.Offene Senioren SH 2015"]
[Site "Buesum"]
[Date "2015.10.04"]
[Round "6.9"]
[White "Nickel, Arno"]
[Black "Jacoby, Gisbert"]
[Result "1/2-1/2"]
[BlackElo "2151"]
[BlackTeam "FC St. Pauli"]
[WhiteElo "2087"]
[WhiteTeam "Flensburger SK"]

1. Nf3 c5 2. c4 Nc6 3. g3 g6 4. Bg2 Bg7 5. Nc3 e6 6. e4 Nge7 7. O-O O-O 8. d3 d6
9. Be3 Nd4 10. Qd2 Nec6 11. Ne1 Rb8 12. Rb1 b5 13. b3 b4 14. Ne2 Nxe2+ 15. Qxe2
Nd4 16. Qd2 Bb7 17. Nc2 Nxc2 18. Qxc2 f5 19. f4 Qb6 20. Rbe1  1/2-1/2

[Event "9.Offene Senioren SH 2015"]
[Site "Buesum"]
[Date "2015.10.04"]
[Round "6.10"]
[White "Nyberg, Ulf"]
[Black "Villing, Dieter"]
[Result "0-1"]
[BlackElo "2066"]
[BlackTeam "SK Ludwigshafen"]
[WhiteElo "2151"]
[WhiteTeam "SK Kamraterna Goeteborg"]

1. d4 d6 2. e4 Nf6 3. Nc3 c6 4. Nf3 Bg4 5. Be2 e6 6. O-O Be7 7. Be3 O-O 8. Nd2
Bxe2 9. Qxe2 d5 10. e5 Nfd7 11. f4 c5 12. Nb3 cxd4 13. Nxd4 Nc6 14. Rad1 Nxd4
15. Bxd4 Bc5 16. Bxc5 Nxc5 17. f5 Qh4 18. Qe3 Rac8 19. Rd4 Qh6 20. Qxh6 gxh6 21.
f6 Nd7 22. Re1 Kh8 23. Rh4 Rg8 24. Re2 Rg5 25. Nb5 Nxe5 26. Rxh6 Rd8 27. h4 Rg6
28. Rxg6 Nxg6 29. g3 a6 30. Nd4 Nf8 31. Nf3 Nd7 32. Ne5 Nxe5 33. Rxe5 Rc8 34.
Re2 Rc4 35. Kg2 h5 36. c3 Kh7 37. Re5 Kg6 38. Kf3 b5 39. Rg5+ Kxf6 40. Rxh5 b4
41. cxb4 Rxb4 42. b3 a5 43. Rh8 a4 44. bxa4 Rxa4 45. Rb8 Rxa2 46. g4 Ra3+ 47.
Kf2 e5 48. Rb6+ Kg7 49. Rd6 d4 50. g5 Rh3 51. Rd5 f6 52. Rd6 Rxh4 53. gxf6+ Kf7
54. Ke2 Rf4 55. Rd5 Kxf6 56. Rd8 Kf5  0-1

[Event "9.Offene Senioren SH 2015"]
[Site "Buesum"]
[Date "2015.10.04"]
[Round "6.11"]
[White "Quiring, Nikolai"]
[Black "Zunker, Reinhard, Dr."]
[Result "1/2-1/2"]
[BlackElo "2135"]
[BlackTeam "SV Hofheim"]
[WhiteElo "2048"]
[WhiteTeam "SV VHS Rendsburg"]

1. d4 Nf6 2. c4 g6 3. f3 Bg7 4. e4 d6 5. Be3 O-O 6. Nc3 a6 7. Qd2 Nc6 8. Nge2
Bd7 9. d5 Na5 10. Nc1 c5 11. a3 b5 12. cxb5 axb5 13. Nxb5 Qb8 14. a4 c4 15. Qb4
Rc8 16. Ra3 Ne8 17. Na2 Nc7 18. Nac3 Nb7 19. Nxc7 Qxc7 20. Bb6 Qb8  1/2-1/2

[Event "9.Offene Senioren SH 2015"]
[Site "Buesum"]
[Date "2015.10.04"]
[Round "6.12"]
[White "Weiss, Hartwig"]
[Black "Glaeser, Wilfried"]
[Result "0-1"]
[BlackElo "2135"]
[BlackTeam "SK Anderten"]
[WhiteElo "1997"]
[WhiteTeam "SK Minden"]

1. Nf3 Nf6 2. c4 c5 3. Nc3 d5 4. cxd5 Nxd5 5. g3 Nc6 6. Bg2 Nc7 7. O-O e5 8. d3
Be7 9. b3 O-O 10. Bb2 f6 11. Qd2 Be6 12. Rfd1 Qd7 13. Ne1 Rad8 14. Bxc6 Qxc6 15.
Qc2 b6 16. Rac1 Qb7 17. f3 Rd7 18. Ne4 Nd5 19. Ng2 Bh3 20. Qd2 Be6 21. Nf2 Rfd8
22. Bc3 Bf8 23. Qb2 a5 24. Bd2 g6 25. Ne3 Nxe3 26. Bxe3 Bg7 27. Bd2 f5 28. Bc3
Qb8 29. Kg2 Bd5 30. Qc2 Bh6 31. Rb1 Be3 32. Ba1 Re7 33. Qc3 Bd4 34. Qd2 Qb7 35.
Qg5 Rde8 36. Rbc1 Kg7 37. Re1 h6 38. Qd2 g5 39. e4 fxe4 40. dxe4 Be6 41. Bxd4
exd4 42. h4 g4 43. fxg4 Bd7 44. g5 Bc6 45. gxh6+ Kh8 46. Qg5 Bxe4+ 47. Nxe4 Rxe4
48. Qf6+ Kh7 49. Qf5+ Kxh6 50. Rxe4 Qxe4+ 51. Qxe4 Rxe4 52. Kf2 Re6 53. Re1 Rf6+
54. Kg2 d3 55. Rd1 Rd6 56. Kf2 b5 57. Ke3 c4 58. Kd2 a4 59. bxa4 bxa4 60. Kc3
Rc6 61. Rb1 Kh5 62. Rb5+ Kg4 63. Rg5+ Kf3 64. h5 Rd6 65. Rg6 Rd8 66. Rf6+ Kxg3
67. Rf1 Kg2 68. Rd1 Rc8 69. Rd2+ Kf3 70. h6 Ke4 71. Rh2 Rh8  0-1

[Event "9.Offene Senioren SH 2015"]
[Site "Buesum"]
[Date "2015.10.04"]
[Round "6.13"]
[White "Lomer, Edmund"]
[Black "Gehrmann, Rudolf-Rainer"]
[Result "1/2-1/2"]
[BlackElo "2132"]
[BlackTeam "SV Eutin"]
[WhiteElo "2034"]
[WhiteTeam "Eckernfoerder SC"]

1. Nf3 g6 2. g3 Bg7 3. d4 Nf6 4. Bg2 O-O 5. O-O d6 6. c4 c6 7. Nc3 Nbd7 8. Qc2
e5 9. Rd1 Qc7 10. b3 Re8 11. e4 Nf8 12. Ba3 Bg4 13. Bxd6 Qxd6 14. dxe5 Qc7 15.
exf6 Bxf6 16. Re1 Rad8 17. Rad1 Qa5 18. Ne2 Bg7 19. h3 Bc8 20. Nf4 Ne6 21. Nxe6
Bxe6 22. Re2 Bc8 23. Rxd8 Qxd8 24. Qd2 Qe7 25. h4 Bg4 26. Qf4 h5 27. Kh2 Be5 28.
Qe3 Bxf3 29. Bxf3 Qxh4+ 30. Kg2 Qe7 31. Qxa7 c5 32. Qa5 Kg7 33. Qd2 Rd8 34. Qe3
b6 35. Re1 Ra8 36. Qe2 Qg5 37. a4 h4 38. Bg4 hxg3 39. fxg3 Re8 40. Qf3 Rd8 41.
Re2 Rh8 42. Rf2 Qe7 43. Rd2 Rd8 44. Rxd8  1/2-1/2

[Event "9.Offene Senioren SH 2015"]
[Site "Buesum"]
[Date "2015.10.04"]
[Round "6.14"]
[White "Lotzien, Hans"]
[Black "Bondick, Karl-Heinz"]
[Result "1-0"]
[BlackElo "2038"]
[BlackTeam "USC Magdeburg"]
[WhiteElo "2165"]
[WhiteTeam "Godesberger SK"]

1. e4 d6 2. Bc4 Nd7 3. Ne2 g6 4. O-O Bg7 5. d3 c6 6. a4 Ngf6 7. c3 O-O 8. h3 d5
9. exd5 cxd5 10. Ba2 e5 11. d4 e4 12. Bf4 Nb6 13. Na3 Be6 14. Ng3 Rc8 15. a5 Nc4
16. Bxc4 dxc4 17. Be5 Bd5 18. Re1 Re8 19. Nc2 Nd7 20. Bxg7 Kxg7 21. Nb4 Nf6 22.
Qd2 Re6 23. Qg5 h6 24. Nf5+ Kg8 25. Nxh6+ Kf8 26. a6 bxa6 27. Rxa6 Rxa6 28. Nxa6
Qb6 29. Nc5 Rd8 30. Re2 Ba8 31. Ng4 Nxg4 32. hxg4 Kg7 33. Qe5+ f6 34. Qe7+ Kh6
35. Ne6 Rg8 36. Qxf6  1-0

[Event "9.Offene Senioren SH 2015"]
[Site "Buesum"]
[Date "2015.10.04"]
[Round "6.15"]
[White "Schnaitmann, Herbert"]
[Black "Weyrauch, Erich"]
[Result "0-1"]
[BlackElo "2153"]
[BlackTeam "SV Ruhrspringer"]
[WhiteElo "1995"]
[WhiteTeam "SC Grunbach"]

1. Nc3 c5 2. d3 d6 3. g3 Nc6 4. Bg2 Nf6 5. f4 g6 6. Nf3 Bg7 7. e4 Bg4 8. h3 Bxf3
9. Bxf3 Nd4 10. O-O e6 11. Kh2 Qc7 12. a4 a6 13. Bg2 O-O 14. Ne2 Rac8 15. c3 Nc6
16. Rb1 b5 17. Be3 Nd7 18. d4 Ne7 19. axb5 axb5 20. Qb3 Rb8 21. Ra1 b4 22. c4
cxd4 23. Nxd4 Nc5 24. Qc2 b3 25. Qd2 Rfd8 26. Ra3 Qb7 27. Qd1 Qb4 28. Qe2 d5 29.
exd5 exd5 30. Rc1 dxc4 31. Rxc4 Qxa3  0-1

[Event "9.Offene Senioren SH 2015"]
[Site "Buesum"]
[Date "2015.10.04"]
[Round "6.16"]
[White "Klages, Hans Juergen"]
[Black "Krotofil, Kurt"]
[Result "0-1"]
[BlackElo "1986"]
[BlackTeam "Niendorfer TSV"]
[WhiteElo "2121"]
[WhiteTeam "SVg Boehmetal"]

1. d4 Nf6 2. c4 c5 3. Nf3 cxd4 4. Nxd4 g6 5. Nc3 Bg7 6. e4 d6 7. Be2 O-O 8. O-O
Nc6 9. Nb3 b6 10. f4 Bb7 11. Bf3 Rc8 12. Qe2 Nd7 13. Nd5 Nd4 14. Nxd4 Bxd4+ 15.
Be3 Bxd5 16. cxd5 Bxe3+ 17. Qxe3 Rc2 18. Rac1 Qc7 19. Qd2 Qc5+  0-1

[Event "9.Offene Senioren SH 2015"]
[Site "Buesum"]
[Date "2015.10.04"]
[Round "6.17"]
[White "Riek, Wolfgang"]
[Black "Dahlhaus, Friedhelm"]
[Result "1-0"]
[BlackElo "2121"]
[BlackTeam "DJK Wacker Bergeborbeck"]
[WhiteElo "1982"]
[WhiteTeam "SC Muelheim"]

1. Nf3 d5 2. d4 Nf6 3. Bf4 Bf5 4. c4 c6 5. Qb3 Qb6 6. Nc3 e6 7. c5 Qxb3 8. axb3
Nbd7 9. b4 Ne4 10. e3 f6 11. b5 e5 12. Bg3 Be7 13. Be2 O-O 14. Nxe4 Bxe4 15. O-O
Rae8 16. b4 Bxf3 17. Bxf3 exd4 18. exd4 f5 19. bxc6 bxc6 20. b5 Nf6 21. bxc6 Ne4
22. Bxe4 fxe4 23. Ra6 Bf6 24. Rd1 Re6 25. Bd6 Kf7 26. c7 Ree8 27. g3 Rc8 28. Kf1
Ke8 29. h4 Kd7 30. Bf4 Ke7 31. Ke2 h6 32. f3 exf3+ 33. Kxf3 g5 34. hxg5 hxg5 35.
Bd6+ Kd7 36. Re1 Rce8 37. Rxe8 Rxe8 38. Rxa7 Bxd4 39. Rb7 Rc8 40. Rb8 Rxc7 41.
Bxc7 Kxc7 42. Rg8 Bf6 43. Rg6 Be7 44. Rg7  1-0

[Event "9.Offene Senioren SH 2015"]
[Site "Buesum"]
[Date "2015.10.04"]
[Round "6.18"]
[White "Neumann, Joachim"]
[Black "Pamperin, Gerhard"]
[Result "1-0"]
[BlackElo "1948"]
[BlackTeam "SF Schwerin"]
[WhiteElo "2105"]
[WhiteTeam "Kieler SG"]

1. c4 b6 2. Nf3 Nf6 3. g3 Bb7 4. Bg2 e6 5. O-O Be7 6. Nc3 O-O 7. d3 d5 8. cxd5
Nxd5 9. Ne4 Nd7 10. Bd2 c5 11. Rc1 Rc8 12. d4 Nb4 13. Bxb4 cxb4 14. Ned2 Nf6 15.
Rxc8 Qxc8 16. Qb1 Qa8 17. Re1 Rc8 18. Nh4 Bxg2 19. Nxg2 Qc6 20. Nb3 a5 21. Rc1
Qd7 22. Rxc8+ Qxc8 23. Qc1 Qd7 24. e3 g6 25. Nf4 Bd6 26. Nd3 Qc7 27. Qxc7 Bxc7
28. Nd2 Kf8 29. f3 Ke7 30. Kf2 Nd7 31. h3 f6 32. g4 e5 33. d5 Kd6 34. e4 b5 35.
Nf1 Nc5 36. Nxc5 Kxc5 37. Ke3 a4 38. b3 Bb6 39. Ng3 Kd6+ 40. Kd2 axb3 41. axb3
Bf2 42. Ne2 f5 43. gxf5 gxf5 44. Nc1 Bd4 45. Ne2 Bf2 46. exf5 Kxd5 47. Kd3 Bh4
48. Nc1 Bg5 49. Na2 Be7 50. Nc1 Bg5 51. Ne2 Bh4 52. Nc1 Bg5 53. Na2 Be7 54. f6
Bf8 55. f7 Be7 56. Nc1 Ke6 57. Ke4 Bd6 58. Nd3 Kxf7 59. Kf5 Bf8 60. Nxe5+ Ke7
61. Nd3 Kf7 62. f4 Bd6 63. Nf2 Bc5 64. Ne4 Be7 65. Ng5+ Kg8 66. Ke6 Bf8 67. f5
Kg7 68. Ne4 h5 69. f6+ Kg6 70. h4 Bh6 71. Nc5  1-0

[Event "9.Offene Senioren SH 2015"]
[Site "Buesum"]
[Date "2015.10.04"]
[Round "6.19"]
[White "Hellwege, Werner"]
[Black "Achenbach, Manfred"]
[Result "0-1"]
[BlackElo "2094"]
[BlackTeam "SC Muelheim"]
[WhiteElo "1976"]
[WhiteTeam "SK Lister Turm"]

1. d4 c5 2. d5 e5 3. e4 d6 4. Nc3 a6 5. a4 Be7 6. Nf3 Nf6 7. Be2 O-O 8. O-O b6
9. Bd2 Nbd7 10. Bd3 Re8 11. Qe2 Nf8 12. Na2 Ng6 13. g3 Bg4 14. Kg2 Qc8 15. Rfb1
c4 16. Bxc4 Nxe4 17. Qxe4 f5 18. Qd3 e4 19. Qf1 Bxf3+ 20. Kg1 Ne5 21. b3 Bf6 22.
Bc3 Rf8 23. Re1 f4 24. Bd4 Nxc4 25. Bxf6 Nd2  0-1

[Event "9.Offene Senioren SH 2015"]
[Site "Buesum"]
[Date "2015.10.04"]
[Round "6.20"]
[White "Hunold, Rolf"]
[Black "Raessler, Arndt"]
[Result "1-0"]
[BlackElo "1944"]
[BlackTeam "ASV Wismar"]
[WhiteElo "2093"]
[WhiteTeam "SV Ruhrspringer"]

1. e4 e6 2. d4 d5 3. Nc3 Nf6 4. Bg5 dxe4 5. Nxe4 Be7 6. Bxf6 gxf6 7. Nf3 f5 8.
Ng3 a6 9. Be2 b5 10. Ne5 Bb7 11. Bf3 Bd5 12. O-O Bf6 13. Re1 c6 14. Nxf5  1-0

[Event "9.Offene Senioren SH 2015"]
[Site "Buesum"]
[Date "2015.10.04"]
[Round "6.21"]
[White "Erhart, Uwe"]
[Black "Juergens, Peter"]
[Result "1/2-1/2"]
[BlackElo "1943"]
[BlackTeam "SC Tempo Goettingen"]
[WhiteElo "2087"]
[WhiteTeam "Raisdorfer SG"]

1. Nf3 Nf6 2. g3 d5 3. Bg2 c6 4. O-O Bg4 5. b3 Nbd7 6. Bb2 e6 7. Ne5 Nxe5 8.
Bxe5 Bd6 9. Bxd6 Qxd6 10. d4 O-O 11. Nd2 e5 12. dxe5 Qxe5  1/2-1/2

[Event "9.Offene Senioren SH 2015"]
[Site "Buesum"]
[Date "2015.10.04"]
[Round "6.22"]
[White "Kaufmann, Helmut"]
[Black "Reinhold, Klaus, Dr."]
[Result "1/2-1/2"]
[BlackElo "2057"]
[BlackTeam "SC Gronau"]
[WhiteElo "1959"]
[WhiteTeam "SK Eutingen"]

1. d4 d5 2. e3 Nf6 3. Nf3 Bg4 4. Nbd2 e6 5. c3 c6 6. Bd3 Nbd7 7. Qc2 Bd6 8. O-O
O-O 9. h3 Bxf3 10. Nxf3 e5 11. dxe5 Nxe5 12. Nxe5 Bxe5 13. e4 dxe4 14. Bxe4 Nxe4
15. Qxe4 Re8 16. Qf3 Qc7 17. Be3 Rad8 18. Rfd1 a6 19. Rxd8 Rxd8 20. Rd1 Rxd1+ 
1/2-1/2

[Event "9.Offene Senioren SH 2015"]
[Site "Buesum"]
[Date "2015.10.04"]
[Round "6.23"]
[White "Kierzek, Mira"]
[Black "Lehr, Thomas"]
[Result "1/2-1/2"]
[BlackElo "1924"]
[BlackTeam "Husumer SV"]
[WhiteElo "2054"]
[WhiteTeam "SC Fulda"]

1. d4 Nf6 2. c4 d6 3. Nf3 c6 4. Nc3 Bg4 5. e4 Nbd7 6. Be2 Bxf3 7. Bxf3 e5 8. Be3
Be7 9. O-O O-O 10. Be2 a6 11. a4 a5 12. Rc1 exd4 13. Bxd4 Nc5 14. f3 Re8 15. Kh1
Bf8 16. Qc2 Nfd7 17. Bf2 Qb6 18. Rcd1 Qb4 19. Be1 Red8 20. Rb1 Qb3 21. Qxb3 Nxb3
22. Rd1 Nbc5 23. Bf2 Nb6 24. b3 Nbd7 25. Rb1 Be7 26. Be3 Na6 27. Nd1 Nb4 28. Bd2
Nc2 29. Bc3 Bf6 30. Bd3 Bxc3 31. Nxc3 Nb4 32. Be2 Nc5 33. Rfd1 Rd7 34. Kg1 Re8
35. Kf1 Kf8 36. Rb2 Ke7 37. g3 Kd8 38. Kf2 Kc7 39. Rdd2 Rde7 40. Rb1 Rd8 41. Nd1
h5 42. Ne3 g6 43. h3 Rde8 44. Nc2 Nxc2 45. Rxc2 Ne6 46. b4 axb4 47. Rxb4 Ra8 48.
Ra2 Ra5 49. Ke3 Re8 50. Bd1 h4 51. Kf2 hxg3+ 52. Kxg3 Rh8 53. Rab2 Nc5 54. Rd2
Rha8 55. Ra2 Nd3 56. Rb1 Nc5 57. Rab2 R5a7 58. Bc2 Rh8 59. Rb4 Ne6 60. Bd3 g5
61. Bc2 Rh4 62. Bd3 Nc5 63. Bc2 Ra8 64. Rh1 Rah8 65. Rb2 Ne6 66. Bd3 Nf4 67. Bf1
Ra8 68. Ra2 Ne6 69. Bd3 Nc5 70. Bc2 Kd7 71. Rb2 Ke6 72. Rd1 Rah8 73. Rdb1 Ke5
74. Bd1 f6 75. Rd2 Ra8 76. Ra2 Rah8 77. Rd2 Ne6 78. Be2 Nf4 79. Bf1 Ra8 80. Ra2
Kd4 81. Rh2 Nh5+ 82. Kf2 Rf4 83. Be2 Rc8 84. Rb2 Rc7 85. Rh1 Rh4 86. Bf1 Nf4 87.
Rh2 Ne6 88. Kg3 Nc5 89. Rhd2+ Ke5 90. Rb4 Rh8 91. Be2 Rch7 92. Bf1 Ra8 93. Ra2
Ne6 94. Rab2 Nc5 95. Ra2 Ra5 96. Be2 Rh8 97. Bd1 Rha8 98. Bc2 Kd4 99. Ra3 Ke5
100. Ra1 b5 101. cxb5 cxb5 102. Rd1 bxa4 103. Bb1 Ke6 104. Ba2+ Ke7 105. Rb6 Rd8
106. f4 Nxe4+ 107. Kf3 Nc5 108. fxg5 fxg5 109. Kg4 Nb3 110. Bxb3 axb3 111. Rxb3
Rg8 112. Rb7+ Ke6  1/2-1/2

[Event "9.Offene Senioren SH 2015"]
[Site "Buesum"]
[Date "2015.10.04"]
[Round "6.24"]
[White "Hagermann, Hermann"]
[Black "Schulz, Wolfgang"]
[Result "1-0"]
[BlackElo "2052"]
[BlackTeam "Hamburger SK"]
[WhiteElo "1949"]
[WhiteTeam "SV Erkenschwick"]

1. e4 g6 2. d4 Bg7 3. Nc3 d6 4. f4 a6 5. Nf3 b5 6. Bd3 Bb7 7. Be3 Nd7 8. O-O
Ngf6 9. Nd2 c5 10. e5 Nd5 11. Nxd5 cxd4 12. exd6 dxe3 13. dxe7 Qb8 14. Nxe3 Qa7
15. Re1 Bxb2 16. Rb1 Bd4 17. Nf1 Kxe7 18. Kh1 Kf8 19. f5 Qc5 20. Qg4 Nf6 21. Qh4
Kg7 22. a4 Rhe8 23. Ng4 Nxg4 24. Qxg4 b4 25. Ng3 Bc3 26. Rf1 Qd4 27. Rf4 Qe5 28.
Rbf1 Bd5 29. fxg6 hxg6 30. Nf5+ Kf8 31. Nh6 Re7 32. Qxg6 Qg7 33. Qxg7+ Bxg7 34.
Nf5 Rb7 35. Nxg7 Kxg7 36. Rg4+ Kf8 37. Bh7 Ke7 38. Re1+ Kd6 39. Rd4 Kc5 40.
Rxd5+  1-0

[Event "9.Offene Senioren SH 2015"]
[Site "Buesum"]
[Date "2015.10.04"]
[Round "6.25"]
[White "Josting, Friedel"]
[Black "Kurka, Dieter"]
[Result "1/2-1/2"]
[BlackElo "2044"]
[BlackTeam "Koelner SK Dr. Lasker"]
[WhiteElo "1942"]
[WhiteTeam "SG Buende"]

1. d4 Nf6 2. Bf4 c5 3. c3 Qb6 4. Qc2 d5 5. e3 Nc6 6. Nf3 Bf5 7. dxc5 Bxc2 8.
cxb6 axb6 9. a3 Nd7 10. Bb5 Rc8 11. O-O g6 12. Re1 Bg7 13. Nbd2 e5 14. Bg3 O-O
15. Rac1 Be4 16. Nxe4 dxe4 17. Ng5 Nc5 18. f3 exf3 19. Nxf3 f6 20. Rcd1 Rcd8 21.
Bc4+ Kh8 22. Bd5 Bh6 23. e4 Na4 24. Rb1 b5 25. Rbd1 Be3+ 26. Bf2  1/2-1/2

[Event "9.Offene Senioren SH 2015"]
[Site "Buesum"]
[Date "2015.10.04"]
[Round "6.26"]
[White "Jensen, Helmut"]
[Black "Duemmke, Juergen"]
[Result "0-1"]
[BlackElo "2035"]
[BlackTeam "SV Grosshansdorf"]
[WhiteElo "1923"]
[WhiteTeam "Schach bei Maedler"]

1. e4 e5 2. Nf3 Nc6 3. Bb5 a6 4. Bxc6 dxc6 5. O-O Qd6 6. d4 exd4 7. Qxd4 Qxd4 8.
Nxd4 Bd7 9. Bg5 f6 10. Bf4 O-O-O 11. Nd2 Ne7 12. c3 Ng6 13. Bg3 c5 14. N4f3 Re8
15. Rfe1 Be6 16. b3 Be7 17. Rad1 Rd8 18. Nf1 c4 19. Nd4 Bf7 20. b4 h5 21. h4
Rhe8 22. Nf5 Bf8 23. Rxd8+ Rxd8 24. Nd4 Bxb4 25. Nc6 bxc6 26. cxb4 c3 27. Re3
Bxa2 28. Rxc3 Kb7 29. Ne3 Ne7 30. Rc5 g6 31. e5 f5 32. Bf4 Rd4 33. Bg5 Nc8 34.
Nc2 Rd1+ 35. Kh2 Be6 36. Be3 Bd5 37. Nd4 f4 38. b5 axb5  0-1